000 00987nam a2200301 4500
003 EC-UNACH
005 20251020121029.0
006 s||||gr|||| 00| 00
008 150116t9999 mx r gr 000 0 spa d
020 _a84-03-09394-2
040 _aEC-UNACH
_cEC-UNACH
041 _aspa
082 0 4 _223
_a659.2
_bL007132
110 _aSantillana
245 _aEl arte de hacer relaciones públicas Bien
250 _aPrimera edición
264 _aColombia
_bSantillana
_c2005
300 _a172
505 _a1- El arte de la persuasión 2- El perfecto relaciones públicas 3- Las relaciones de un relaciones publicas 4- Un futuro con nombre de mujer
650 _aÁmbitos en los que se aplican las relaciones publicas
650 _aFunciones del relaciones publicas
650 _aFormación Academica
700 _aBeatriz de Orleans
942 _2ddc
_c1
999 _c14040